000 00292nam a2200109 4500
008 160624b xxu||||| |||| 00| 0 eng d
100 _9947
_a Grossinger, P
245 _aThe Art of Jewish Cooking
260 _aN.Y
_b Bantam Books
_c1958
300 _aThe Art of Jewish Cooking
942 _2ddc
_cBK
999 _c752
_d752